[Event "Santa Clara 1000 GM Schev1 03"]
[Site "Santa Clara"]
[Date "2024.03.10"]
[Round "5.2"]
[White "Cu Hor, Winston Darwin"]
[Black "Arutla, Aditya"]
[Result "1/2-1/2"]
[WhiteElo "2343"]
[BlackElo "2239"]
[PlyCount "52"]
[EventDate "2024.03.09"]
[EventType "schev"]
[EventRounds "5"]
[EventCountry "USA"]
[SourceTitle "CBM 219 Extra"]
[Source "ChessBase"]
[SourceDate "2024.05.31"]
[SourceVersion "1"]
[SourceVersionDate "2024.05.31"]
[SourceQuality "1"]

1. Nf3 d5 2. c4 d4 3. e3 Nc6 4. exd4 Nxd4 5. Nxd4 Qxd4 6. Nc3 c6 7. d3 Nh6 8. h3 g6 9. Be3 Qd8 10. g4 Bg7 11. Qd2 Ng8 12. d4 h5 13. Rg1 hxg4 14. hxg4 Qa5 15. 0-0-0 Bd7 16. Kb1 0-0-0 17. Be2 Be6 18. Qc2 Kb8 19. d5 Bd7 20. Bf4+ Ka8 21. Bf3 Nf6 22. Qe2 cxd5 23. Nxd5 Nxd5 24. Rxd5 Qb6 25. c5 Qb4 26. Rgd1 Qxf4 1/2-1/2

[Event "AUT-chT2O 2324"]
[Site "Austria"]
[Date "2024.02.11"]
[Round "9.5"]
[White "Steiner, Adam"]
[Black "Cu Hor, Winston Darwin"]
[Result "0-1"]
[WhiteElo "2174"]
[BlackElo "2324"]
[PlyCount "82"]
[EventDate "2023.10.13"]
[EventType "team-tourn"]
[EventRounds "11"]
[EventCountry "AUT"]
[SourceTitle "EXT 2025"]
[Source "ChessBase"]
[SourceDate "2024.10.14"]
[SourceVersion "1"]
[SourceVersionDate "2024.10.14"]
[SourceQuality "1"]
[WhiteTeam "Ottakring"]
[BlackTeam "Bad Voeslau"]
[WhiteTeamCountry "AUT"]
[BlackTeamCountry "AUT"]

1. e4 c5 2. c3 d6 3. d4 Nf6 4. Qd3 cxd4 5. cxd4 Nc6 6. Nc3 g6 7. Nge2 Bg7 8. h3 0-0 9. g4 e5 10. Be3 d5 11. 0-0-0 dxe4 12. Nxe4 Nb4 13. Nxf6+ Qxf6 14. Qb5 a6 15. Qxb4 Qc6+ 16. Kb1 Qxh1 17. Ng3 Qf3 18. Be2 Qd5 19. Bc4 Qd8 20. d5 b5 21. Bb3 Qh4 22. d6 Bd7 23. Bd5 Rac8 24. Qd2 h6 25. Ne4 Qxh3 26. Nc5 Qxg4 27. f3 Bf5+ 28. Ka1 Qh3 29. Nxa6 Rc2 30. Qb4 e4 31. Bd4 Qxf3 32. Re1 Bxd4 33. Qxd4 Qd3 34. Qe5 Rd2 35. Bb3 Qxd6 36. Qxb5 Be6 37. Ba4 Ra8 38. Nc5 Rxa4 39. Qe8+ Kh7 40. Nxe6 Rd1+ 41. Rxd1 Qxd1# 0-1

[Event "AUT-chT2O 2324"]
[Site "Austria"]
[Date "2023.10.15"]
[Round "3.3"]
[White "Belke, Frank"]
[Black "Cu Hor, Winston Darwin"]
[Result "0-1"]
[WhiteElo "2188"]
[BlackElo "2319"]
[PlyCount "108"]
[EventDate "2023.10.13"]
[EventType "team-tourn"]
[EventRounds "11"]
[EventCountry "AUT"]
[SourceTitle "EXT 2025"]
[Source "ChessBase"]
[SourceDate "2024.10.14"]
[SourceVersion "1"]
[SourceVersionDate "2024.10.14"]
[SourceQuality "1"]
[WhiteTeam "Hietzing"]
[BlackTeam "Bad Voeslau"]
[WhiteTeamCountry "AUT"]
[BlackTeamCountry "AUT"]

1. d4 Nf6 2. c4 e6 3. Nc3 Bb4 4. Qc2 0-0 5. e4 c5 6. a3 Bxc3+ 7. bxc3 cxd4 8. cxd4 Nc6 9. Nf3 d5 10. e5 Ne4 11. Bd3 Qa5+ 12. Kf1 f5 13. Rb1 dxc4 14. Bxc4 Qd8 15. Be3 Na5 16. Bd3 b6 17. Bxe4 fxe4 18. Qxe4 Bb7 19. Qg4 Qd7 20. h4 Nc4 21. Rh3 Rf5 22. Kg1 Nxa3 23. Rc1 Raf8 24. Ng5 h6 25. Qh5 Qe8 26. Qxe8 Rxe8 27. Rc7 Bd5 28. Nf3 Nb5 29. Rc1 Rf7 30. Ne1 Rc7 31. Rxc7 Nxc7 32. g4 a5 33. f4 Be4 34. Bd2 Rd8 35. Rb3 Rxd4 36. Be3 Rb4 37. Rxb4 axb4 38. Kf2 Nd5 39. Bc1 b3 40. Ke2 Nc3+ 41. Ke3 Bh7 42. Nd3 Bxd3 43. Kxd3 Nd1 44. Ba3 Nf2+ 45. Kc3 Nxg4 46. Kxb3 Ne3 47. Bc1 Nf5 48. h5 Kf7 49. Kc4 Ng3 50. Be3 b5+ 51. Kc5 b4 52. Bc1 Ne2 53. f5 Nxc1 54. Kd6 Nd3 0-1

[Event "Titled Tuesday intern op 10th Oct Late"]
[Site "Chess.com INT"]
[Date "2023.10.10"]
[Round "4"]
[White "Mazurkiewicz, Michal"]
[Black "Cu Hor, Winston Darwin"]
[Result "0-1"]
[WhiteElo "2145"]
[BlackElo "2319"]
[PlyCount "72"]
[EventDate "2023.10.10"]
[EventType "swiss (blitz)"]
[EventRounds "11"]
[EventCountry "USA"]
[SourceTitle "EXT 2025"]
[Source "ChessBase"]
[SourceDate "2024.10.14"]
[SourceVersion "1"]
[SourceVersionDate "2024.10.14"]
[SourceQuality "1"]

1. e4 c5 2. Nf3 d6 3. g3 Nc6 4. Bg2 Nf6 5. d3 g6 6. 0-0 Bg7 7. Re1 0-0 8. e5 Ne8 9. exd6 Nxd6 10. Nc3 Nf5 11. Ne4 b6 12. h4 Bb7 13. h5 Qd7 14. c3 Rad8 15. g4 Nd6 16. h6 Bh8 17. Nfg5 Nxe4 18. Bxe4 Ne5 19. f3 Bxe4 20. Rxe4 Qxd3 21. Qxd3 Rxd3 22. Kg2 Bf6 23. Bf4 Nc6 24. Nh3 Rfd8 25. g5 Bh8 26. Nf2 R3d5 27. Rae1 e6 28. Ng4 Kf8 29. Kg3 Ke7 30. b3 Bxc3 31. R1e2 a5 32. Ne5 Nxe5 33. Bxe5 Bxe5+ 34. Rxe5 Rxe5 35. Rxe5 Rd5 36. Re2 Rxg5+ 0-1

[Event "Titled Tuesday intern op 10th Oct Late"]
[Site "Chess.com INT"]
[Date "2023.10.10"]
[Round "1"]
[White "Melikhov, Evgeny V"]
[Black "Cu Hor, Winston Darwin"]
[Result "0-1"]
[WhiteElo "2189"]
[BlackElo "2319"]
[PlyCount "68"]
[EventDate "2023.10.10"]
[EventType "swiss (blitz)"]
[EventRounds "11"]
[EventCountry "USA"]
[SourceTitle "EXT 2025"]
[Source "ChessBase"]
[SourceDate "2024.10.14"]
[SourceVersion "1"]
[SourceVersionDate "2024.10.14"]
[SourceQuality "1"]

1. d4 Nf6 2. c4 c5 3. d5 e6 4. Nc3 exd5 5. cxd5 d6 6. Nf3 Be7 7. h3 0-0 8. e4 Re8 9. Bd3 Na6 10. 0-0 Nd7 11. Re1 f6 12. Bf1 Rb8 13. Nb5 Ra8 14. Nh4 Nc7 15. Nc3 Rb8 16. a4 a6 17. f4 Bf8 18. Nf3 b5 19. a5 g6 20. e5 fxe5 21. fxe5 dxe5 22. d6 Ne6 23. Nd5 Bb7 24. Nxe5 Nxe5 25. Rxe5 Qxd6 26. Nf6+ Kh8 27. Bf4 Qxd1 28. Rxd1 Re7 29. Bg3 Rd8 30. Rxd8 Nxd8 31. Rxe7 Bxe7 32. Be5 Nc6 33. Nd5+ Nxe5 34. Nxe7 Kg7 0-1

[Event "Olympiad-44"]
[Site "Chennai"]
[Date "2022.08.09"]
[Round "11.1"]
[White "Chaulagain, Purushottam"]
[Black "Cu Hor, Winston Darwin"]
[Result "1/2-1/2"]
[WhiteElo "1975"]
[BlackElo "2328"]
[PlyCount "235"]
[EventDate "2022.07.29"]
[EventType "team-swiss"]
[EventRounds "11"]
[EventCountry "IND"]
[SourceTitle "CBM 210"]
[Source "ChessBase"]
[SourceDate "2022.10.31"]
[SourceVersion "1"]
[SourceVersionDate "2022.10.31"]
[SourceQuality "1"]
[WhiteTeam "Nepal"]
[BlackTeam "Guatemala"]
[WhiteTeamCountry "NEP"]
[BlackTeamCountry "GUA"]

1. d4 c5 2. d5 g6 3. g3 Bg7 4. Bg2 d6 5. Nf3 Nf6 6. 0-0 b5 7. c4 0-0 8. cxb5 a6 9. Nc3 axb5 10. Nxb5 Ba6 11. Nc3 Nbd7 12. h3 Qa5 13. Qc2 Rfb8 14. Rb1 Nb6 15. Rd1 Nfd7 16. Bg5 Nc4 17. Bxe7 Re8 18. Bg5 Nxb2 19. Rdc1 Nc4 20. Qa4 Qxa4 21. Nxa4 h6 22. Bf4 g5 23. Bd2 Nxd2 24. Nxd2 Rxe2 25. Ne4 Bd3 26. Nac3 Bxe4 27. Nxe2 Bxb1 28. Rxb1 Rxa2 29. Rb7 Ne5 30. Rb8+ Bf8 31. Nc3 Ra1+ 32. Bf1 f5 33. Kg2 f4 34. gxf4 gxf4 35. Bb5 Re1 36. Be8 Kh7 37. Bh5 Bg7 38. Nb5 Nc4 39. Nc7 Re7 40. Ne6 Ne5 41. Nxf4 Bf6 42. Ne6 Ng6 43. Bg4 Rf7 44. f4 Bg7 45. Kg3 Nxf4 46. Nxf4 Be5 47. Be6 Rxf4 48. Kg2 c4 49. Rb4 Kg6 50. Bg4 Kf6 51. Be2 c3 52. Rxf4+ Bxf4 53. Bd3 Ke5 54. Kf3 Bd2 55. Ke2 Kxd5 56. Kd1 Ke5 57. Kc2 Kf4 58. Bc4 Ke3 59. Be6 Kd4 60. Bf5 Bg5 61. Bd3 Bf6 62. Bf5 Ke3 63. Be6 Kf4 64. Bd5 Kg3 65. Be6 d5 66. Bf5 h5 67. Bg6 h4 68. Bf5 d4 69. Bd7 Kf3 70. Bf5 Kf4 71. Bd7 Ke4 72. Bb5 Ke3 73. Bc4 Kf3 74. Bd5+ Kf4 75. Be6 Bg7 76. Bf7 Kg3 77. Be6 Kg2 78. Bf5 Kf3 79. Bd7 Kf4 80. Be6 Ke4 81. Bc4 Ke3 82. Bb5 Kf4 83. Bd7 Bh8 84. Bc6 Kg3 85. Bd7 Kf3 86. Bc6+ Kf2 87. Bb5 Be5 88. Bc4 Kg3 89. Be6 Kf4 90. Bd5 Bc7 91. Be6 Ba5 92. Bc4 Kf3 93. Bd5+ Ke3 94. Bc4 Kf4 95. Be6 Bb4 96. Bd5 Ke3 97. Bc4 Ke4 98. Bd3+ Kf4 99. Bc4 Ba5 100. Be6 Ke4 101. Bc4 Ke3 102. Bb5 Kf4 103. Bd7 Bb4 104. Bb5 Ba3 105. Bd7 Bb2 106. Bb5 Ba1 107. Bd7 Ke3 108. Bb5 Kf3 109. Bc6+ Kg3 110. Bd7 Kg2 111. Bf5 Kf3 112. Bd7 Ke4 113. Bc6+ Ke3 114. Bb5 Kf4 115. Bd7 Bb2 116. Bc6 Kg3 117. Bd7 Kg2 118. Bf5 1/2-1/2

[Event "Olympiad-44"]
[Site "Chennai"]
[Date "2022.07.31"]
[Round "3.1"]
[White "Cu Hor, Winston Darwin"]
[Black "Indjic, Aleksandar"]
[Result "0-1"]
[WhiteElo "2328"]
[BlackElo "2620"]
[PlyCount "169"]
[EventDate "2022.07.29"]
[EventType "team-swiss"]
[EventRounds "11"]
[EventCountry "IND"]
[SourceTitle "CBM 210"]
[Source "ChessBase"]
[SourceDate "2022.10.31"]
[SourceVersion "1"]
[SourceVersionDate "2022.10.31"]
[SourceQuality "1"]
[WhiteTeam "Guatemala"]
[BlackTeam "Serbia"]
[WhiteTeamCountry "GUA"]
[BlackTeamCountry "SRB"]

1. Nf3 d5 2. c4 d4 3. g3 Nc6 4. Bg2 e5 5. d3 Bb4+ 6. Bd2 a5 7. 0-0 Nf6 8. Na3 0-0 9. Nc2 Bd6 10. a3 a4 11. Nb4 Bd7 12. Bg5 h6 13. Bxf6 Qxf6 14. Nd5 Qd8 15. Nd2 f5 16. Qc2 Bc5 17. b4 axb3 18. Nxb3 Bxa3 19. Ra2 Nb4 20. Nxb4 Bxb4 21. Bxb7 Rxa2 22. Bd5+ Kh7 23. Qxa2 c6 24. Bg2 Qc7 25. e3 dxe3 26. fxe3 Qb6 27. d4 exd4 28. Nxd4 c5 29. Ne2 Qe6 30. e4 Bb5 31. Nf4 Qxc4 32. Qxc4 Bxc4 33. Rc1 Bf7 34. exf5 Bd2 35. Rc2 Be3+ 36. Kh1 Rd8 37. Bf1 Be8 38. Kg2 Bc6+ 39. Kh3 Be4 40. Re2 Bxf5+ 41. g4 Bxg4+ 42. Kxg4 Bxf4 43. h4 Rd4 44. Bg2 Bd6+ 45. Be4+ Kg8 46. h5 Kf7 47. Kf5 Rd1 48. Bg2 Rd4 49. Be4 Rd1 50. Bg2 Be7 51. Ra2 Re1 52. Ra8 Bf6 53. Ra7+ Ke8 54. Be4 Kd8 55. Rb7 c4 56. Rb4 c3 57. Rc4 Kd7 58. Kf4 Rg1 59. Kf3 Kd6 60. Bg6 Re1 61. Be4 Rh1 62. Bg6 Rh3+ 63. Ke2 Be5 64. Rc8 Bf4 65. Rc4 Bg5 66. Rc8 Ke5 67. Rc4 Bf6 68. Kf2 Kd5 69. Bf7+ Kd6 70. Bg6 Rh1 71. Ke2 Rg1 72. Kf3 Rg5 73. Ke3 Ke6 74. Rc6+ Kd7 75. Rc4 Be5 76. Kd3 Ke7 77. Rc6 Kd7 78. Rc4 Rg3+ 79. Ke2 Rxg6 80. hxg6 Ke6 81. Kf3 Kf5 82. Rc5 h5 83. Kg2 Ke4 84. Kf1 h4 85. Rd5 0-1

[Event "AUT-chT2O 2122"]
[Site "Austria"]
[Date "2022.02.27"]
[Round "7.4"]
[White "Wilke, Werner"]
[Black "Cu Hor, Winston Darwin"]
[Result "1-0"]
[WhiteElo "2197"]
[BlackElo "2338"]
[PlyCount "107"]
[EventDate "2021.10.16"]
[EventType "team-tourn"]
[EventRounds "11"]
[EventCountry "AUT"]
[SourceTitle "EXT 2023"]
[Source "ChessBase"]
[SourceDate "2022.10.05"]
[SourceVersion "1"]
[SourceVersionDate "2022.10.05"]
[SourceQuality "1"]
[WhiteTeam "Bad Voeslau"]
[BlackTeam "Tschaturanga"]
[WhiteTeamCountry "AUT"]
[BlackTeamCountry "AUT"]

1. e4 c5 2. Nf3 d6 3. Nc3 Nf6 4. e5 dxe5 5. Nxe5 e6 6. Bb5+ Bd7 7. Nxd7 Nbxd7 8. a4 a6 9. Be2 Qc7 10. 0-0 Bd6 11. g3 h5 12. d3 h4 13. f4 0-0-0 14. g4 Nf8 15. Qe1 Nd5 16. Qf2 Nb4 17. Bf3 f5 18. gxf5 exf5 19. Be3 Kb8 20. Nd5 Nxd5 21. Bxd5 g5 22. c4 Ng6 23. fxg5 f4 24. Bd2 Ne5 25. Ra3 f3 26. Rb3 Ng4 27. Qxf3 Nxh2 28. Qf7 Rh7 29. Rxb7+ Qxb7 30. Bxb7 Rxf7 31. Rxf7 Ng4 32. Be4 h3 33. Bf4 Bxf4 34. Rxf4 Ne5 35. g6 Rg8 36. Rf6 Kc7 37. Rxa6 Ng4 38. Ra7+ Kd6 39. Bd5 Re8 40. Ra6+ Ke5 41. Ra8 Re7 42. Rh8 h2+ 43. Kg2 Nf6 44. Rxh2 Nxd5 45. Rh5+ Kf6 46. Rxd5 Re2+ 47. Kf3 Rxb2 48. Rxc5 Kxg6 49. Ke4 Kf7 50. Re5 Ra2 51. a5 Ra4 52. Kd4 Kf6 53. Rd5 Ke6 54. Kc3 1-0

[Event "Vienna IM Feb"]
[Site "Vienna"]
[Date "2022.02.07"]
[Round "3"]
[White "Cu Hor, Winston Darwin"]
[Black "Peyrer, Konstantin"]
[Result "0-1"]
[WhiteElo "2337"]
[BlackElo "2301"]
[PlyCount "82"]
[EventDate "2022.02.05"]
[EventType "tourn"]
[EventRounds "9"]
[EventCountry "AUT"]
[EventCategory "5"]
[SourceTitle "CBM 206 Extra"]
[Source "ChessBase"]
[SourceDate "2022.03.31"]
[SourceVersion "1"]
[SourceVersionDate "2022.03.31"]
[SourceQuality "1"]

1. Nf3 Nf6 2. c4 g6 3. b3 Bg7 4. Bb2 0-0 5. g3 d6 6. Bg2 e5 7. 0-0 Nc6 8. Nc3 h6 9. d4 e4 10. Ne1 Bf5 11. Nc2 Qd7 12. Re1 Rae8 13. Ne3 Bh3 14. Bh1 h5 15. d5 Ne5 16. Qc2 Neg4 17. Ncd1 h4 18. Bg2 Bxg2 19. Kxg2 Kh7 20. h3 Nxe3+ 21. Nxe3 hxg3 22. fxg3 Nh5 23. Bxg7 Nxg7 24. Rf1 f5 25. Rf2 Qe7 26. Qc3 Nh5 27. Kh2 f4 28. gxf4 Qh4 29. Ng4 e3 30. Rf3 Rxf4 31. Rg1 Rxf3 32. exf3 e2 33. Qd2 Nf6 34. Qe1 Nxg4+ 35. fxg4 Qf6 36. Qg3 Qf1 37. Qh4+ Kg8 38. Qe1 Qf4+ 39. Kg2 Re3 40. Rh1 Qf3+ 41. Kg1 Rd3 0-1

[Event "Vienna IM Feb"]
[Site "Vienna"]
[Date "2022.02.06"]
[Round "2"]
[White "Finek, Vaclav"]
[Black "Cu Hor, Winston Darwin"]
[Result "1-0"]
[WhiteElo "2419"]
[BlackElo "2337"]
[PlyCount "123"]
[EventDate "2022.02.05"]
[EventType "tourn"]
[EventRounds "9"]
[EventCountry "AUT"]
[EventCategory "5"]
[SourceTitle "CBM 206 Extra"]
[Source "ChessBase"]
[SourceDate "2022.03.31"]
[SourceVersion "1"]
[SourceVersionDate "2022.03.31"]
[SourceQuality "1"]

1. Nf3 Nf6 2. c4 e6 3. g3 d5 4. d4 Bb4+ 5. Bd2 Bxd2+ 6. Nbxd2 c6 7. Bg2 0-0 8. 0-0 Nbd7 9. Qc2 b6 10. e4 dxe4 11. Nxe4 Nxe4 12. Qxe4 Bb7 13. Rac1 Rb8 14. c5 bxc5 15. dxc5 Qa5 16. b4 Qa3 17. Rfd1 Nf6 18. Qe1 Ba8 19. Nd4 Qxb4 20. Qxb4 Rxb4 21. Nxc6 Bxc6 22. Bxc6 Rc8 23. Bg2 Kf8 24. c6 Ke7 25. Rc2 Rc7 26. f4 Rb5 27. Re2 Rc5 28. Bf3 g5 29. fxg5 Rxg5 30. Kg2 Rc5 31. Rd4 Rc8 32. Rb4 Kd6 33. Rb7 Rc7 34. Rxc7 Kxc7 35. Rb2 Nd5 36. Rb7+ Kxc6 37. Rxf7 Rc2+ 38. Kh3 Rxa2 39. Rxh7 a5 40. g4 Kd6 41. Ra7 Ke5 42. Kg3 Ne3 43. h3 Nf1+ 44. Kh4 Ra3 45. Be2 Ng3 46. Bc4 Ne4 47. Ra6 Rc3 48. Rxa5+ Kf6 49. Bf1 Nf2 50. Bg2 e5 51. Ra6+ Kf7 52. Ra2 Nd3 53. Kg5 Nf4 54. h4 Rg3 55. Ra7+ Kg8 56. Be4 Ne6+ 57. Kf6 Rxg4 58. Bf5 Rf4 59. Kxe6 Rb4 60. Kf6 Rb6+ 61. Be6+ Kh8 62. Re7 1-0

[Event "Caissa CC Online"]
[Site "Chess.com INT"]
[Date "2022.01.22"]
[Round "4"]
[White "Cu Hor, Winston Darwin"]
[Black "Almeida Quintana, Omar"]
[Result "0-1"]
[WhiteElo "2329"]
[BlackElo "2535"]
[PlyCount "64"]
[EventDate "2022.01.22"]
[EventType "swiss (rapid)"]
[EventRounds "7"]
[EventCountry "GUA"]
[SourceTitle "CBM 206 Extra"]
[Source "ChessBase"]
[SourceDate "2022.03.31"]
[SourceVersion "1"]
[SourceVersionDate "2022.03.31"]
[SourceQuality "1"]

1. Nf3 g6 2. g3 Bg7 3. c4 c5 4. Bg2 Nc6 5. Nc3 d6 6. b3 e5 7. 0-0 Nge7 8. Bb2 0-0 9. d3 Rb8 10. e3 a6 11. Qe2 b5 12. Rad1 b4 13. Nd5 Nxd5 14. cxd5 Na7 15. d4 e4 16. Nd2 cxd4 17. Nxe4 f5 18. Nd2 d3 19. Qxd3 Bxb2 20. e4 Nb5 21. exf5 Bxf5 22. Be4 Qf6 23. Nc4 Bxe4 24. Qxe4 Rbe8 25. Qd3 Bd4 26. Kg2 Nc3 27. Rd2 Bc5 28. f3 Re7 29. Rc2 Rfe8 30. a3 Re2+ 31. Kh1 Rxc2 32. Qxc2 bxa3 0-1

[Event "Vienna State-ch"]
[Site "Vienna"]
[Date "2021.09.23"]
[Round "6"]
[White "Balinov, Ilia"]
[Black "Cu Hor, Winston Darwin"]
[Result "1/2-1/2"]
[WhiteElo "2425"]
[BlackElo "2338"]
[PlyCount "76"]
[EventDate "2021.09.18"]
[EventType "tourn"]
[EventRounds "9"]
[EventCountry "AUT"]
[EventCategory "6"]
[SourceTitle "CBM 204 Extra"]
[Source "ChessBase"]
[SourceDate "2021.11.30"]
[SourceVersion "1"]
[SourceVersionDate "2021.11.30"]
[SourceQuality "1"]

1. e4 c5 2. Nf3 d6 3. d4 Nf6 4. Nc3 cxd4 5. Nxd4 a6 6. Qe2 g6 7. Bg5 Bg7 8. 0-0-0 0-0 9. h3 Nbd7 10. g4 Qc7 11. Bg2 e5 12. Nb3 Nb6 13. Qf3 Ne8 14. Kb1 Be6 15. h4 h6 16. Be3 a5 17. Bxb6 Qxb6 18. Nc1 Rc8 19. Nd5 Bxd5 20. Rxd5 Nc7 21. Rd2 Ne6 22. Qb3 Qa7 23. Qe3 b6 24. Ne2 Qb8 25. Nc3 b5 26. Nd5 Rc5 27. g5 h5 28. Bh3 b4 29. Rhd1 Nd4 30. Bd7 Qb7 31. Ba4 Rxd5 32. exd5 Qxd5 33. Qd3 Rc8 34. Qa6 Qc5 35. Qb7 Rc7 36. Qb8+ Rc8 37. Qb7 Rc7 38. Qb8+ Rc8 1/2-1/2

[Event "Budapest FS07 IM"]
[Site "Budapest"]
[Date "2021.07.11"]
[Round "8"]
[White "Szeberenyi, Adam"]
[Black "Cu Hor, Winston Darwin"]
[Result "1-0"]
[WhiteElo "2380"]
[BlackElo "2333"]
[PlyCount "159"]
[EventDate "2021.07.03"]
[EventType "tourn"]
[EventRounds "9"]
[EventCountry "HUN"]
[EventCategory "1"]
[SourceTitle "CBM 203 Extra"]
[Source "ChessBase"]
[SourceDate "2021.09.30"]
[SourceVersion "1"]
[SourceVersionDate "2021.09.30"]
[SourceQuality "1"]

1. d4 Nf6 2. c4 g6 3. Nc3 d5 4. cxd5 Nxd5 5. e4 Nxc3 6. bxc3 Bg7 7. Nf3 c5 8. h3 0-0 9. Be2 Nc6 10. Be3 cxd4 11. cxd4 Qa5+ 12. Bd2 Qa3 13. d5 Ne5 14. Rb1 Nxf3+ 15. Bxf3 Qd3 16. Rb3 Qa6 17. Qb1 f5 18. Be2 Qd6 19. 0-0 fxe4 20. Qxe4 Bf5 21. Qe3 Qxd5 22. Bf3 Qd4 23. Rxb7 Rad8 24. Qxe7 Rfe8 25. Qf7+ Kh8 26. Bh6 Rg8 27. Rd1 Rdf8 28. Rxd4 Rxf7 29. Bxg7+ Rfxg7 30. Ra4 Rxb7 31. Bxb7 Rg7 32. Rxa7 Rc7 33. Ra8+ Kg7 34. Bd5 Rc1+ 35. Kh2 Rd1 36. Ra7+ Kf6 37. Bb3 Rd2 38. f4 g5 39. Ra6+ Kg7 40. Ra5 Kg6 41. Bf7+ Kxf7 42. Rxf5+ Ke6 43. Rxg5 Rxa2 44. Rg7 Kf5 45. Rxh7 Kxf4 46. Rh4+ Kg5 47. Rb4 Kh5 48. h4 Ra1 49. Kh3 Rh1+ 50. Kg3 Ra1 51. Rb5+ Kh6 52. Kh3 Ra4 53. Rb6+ Kg7 54. h5 Kh7 55. g4 Ra1 56. Kh4 Ra4 57. h6 Ra1 58. Kh5 Rh1+ 59. Kg5 Ra1 60. Rb7+ Kg8 61. Kh5 Ra5+ 62. g5 Kh8 63. Re7 Rb5 64. Kg6 Rb8 65. Kf6 Rb6+ 66. Re6 Rb8 67. Kf7 Kh7 68. Kf6 Rf8+ 69. Ke5 Rf1 70. Re7+ Kg8 71. Rg7+ Kh8 72. Ra7 Kg8 73. g6 Re1+ 74. Kf4 Rf1+ 75. Ke3 Re1+ 76. Kf2 Re8 77. Kf3 Rc8 78. Ke4 Rd8 79. Ke5 Rb8 80. Rc7 1-0

[Event "Online Olym Div2 D"]
[Site "Chess.com INT"]
[Date "2020.08.16"]
[Round "8.1"]
[White "Henriquez Villagra, Cristobal"]
[Black "Cu Hor, Winston Darwin"]
[Result "1-0"]
[WhiteElo "2600"]
[BlackElo "2333"]
[PlyCount "115"]
[EventDate "2020.08.14"]
[EventType "team-tourn (rapid)"]
[EventRounds "9"]
[EventCountry "USA"]
[SourceTitle "CBM 198"]
[Source "ChessBase"]
[SourceDate "2020.10.31"]
[SourceVersion "1"]
[SourceVersionDate "2020.10.31"]
[SourceQuality "1"]
[WhiteTeam "Chile"]
[BlackTeam "Guatemala"]
[WhiteTeamCountry "CHI"]
[BlackTeamCountry "GUA"]

1. e4 c5 2. Nf3 d6 3. Bb5+ Nd7 4. c3 Ngf6 5. Bd3 b6 6. 0-0 Bb7 7. Re1 Qc7 8. Na3 Rc8 9. b3 g6 10. Bb2 Bg7 11. Rc1 0-0 12. Bb1 e5 13. d4 Rcd8 14. d5 Nh5 15. c4 Rde8 16. Nc2 Bc8 17. Ne3 Nf4 18. Kh1 Nf6 19. Ng1 Qd8 20. Qf3 h5 21. g3 Ng4 22. Nxg4 hxg4 23. Qc3 Nh5 24. f3 Kh7 25. Rf1 Qe7 26. Rce1 Rh8 27. Kg2 Kg8 28. fxg4 Bxg4 29. h3 Bc8 30. Bc1 Rf8 31. Rf2 Bh6 32. Bxh6 Rxh6 33. Qe3 Kg7 34. Ref1 f6 35. Bd3 g5 36. Be2 Nf4+ 37. gxf4 gxf4 38. Qc3 Rfh8 39. Rf3 Kf8 40. Kf2 f5 41. Bd3 Rg8 42. Ke1 Rhg6 43. Ne2 Rg2 44. Kd1 Rh2 45. R1f2 Rxf2 46. Rxf2 fxe4 47. Bxe4 Bxh3 48. Qxh3 b5 49. Qc8+ Kf7 50. Qf5+ Ke8 51. Qe6 Qxe6 52. dxe6 bxc4 53. bxc4 Ke7 54. Bd5 Rh8 55. Nc3 Rh3 56. Kd2 a6 57. Rg2 Kf6 58. Ne4+ 1-0

[Event "Online Olym Div2 D"]
[Site "Chess.com INT"]
[Date "2020.08.15"]
[Round "4.1"]
[White "Agdestein, Simen"]
[Black "Cu Hor, Winston Darwin"]
[Result "1-0"]
[WhiteElo "2558"]
[BlackElo "2333"]
[PlyCount "79"]
[EventDate "2020.08.14"]
[EventType "team-tourn (rapid)"]
[EventRounds "9"]
[EventCountry "USA"]
[SourceTitle "CBM 198"]
[Source "ChessBase"]
[SourceDate "2020.10.31"]
[SourceVersion "1"]
[SourceVersionDate "2020.10.31"]
[SourceQuality "1"]
[WhiteTeam "Norway"]
[BlackTeam "Guatemala"]
[WhiteTeamCountry "NOR"]
[BlackTeamCountry "GUA"]

1. d4 Nf6 2. c4 e6 3. Nc3 Bb4 4. Nf3 0-0 5. Bg5 d5 6. cxd5 exd5 7. e3 h6 8. Bh4 Be6 9. Bd3 c5 10. 0-0 Nbd7 11. dxc5 Bxc3 12. bxc3 Qa5 13. Nd4 Qxc5 14. Rc1 Rac8 15. c4 Rfe8 16. Nxe6 fxe6 17. Bg3 Qa3 18. Bg6 Rf8 19. cxd5 exd5 20. Rb1 Qxa2 21. e4 dxe4 22. Rxb7 Nc5 23. Re7 Nd5 24. Re5 Nc3 25. Qg4 Qe2 26. Bh5 Qxg4 27. Bxg4 Rc6 28. Ra1 Nb3 29. Re1 Nd4 30. h4 Kh8 31. Re7 Nf5 32. Bxf5 Rxf5 33. Be5 Nd5 34. Bxg7+ Kg8 35. Rxa7 e3 36. fxe3 Nc3 37. Bd4 Ne4 38. Rb1 Rf7 39. Rb8+ Rf8 40. Rg7+ 1-0

[Event "Online Olym Div2 D"]
[Site "Chess.com INT"]
[Date "2020.08.15"]
[Round "6.1"]
[White "Saric, Ivan"]
[Black "Cu Hor, Winston Darwin"]
[Result "1-0"]
[WhiteElo "2646"]
[BlackElo "2333"]
[PlyCount "51"]
[EventDate "2020.08.14"]
[EventType "team-tourn (rapid)"]
[EventRounds "9"]
[EventCountry "USA"]
[SourceTitle "CBM 198"]
[Source "ChessBase"]
[SourceDate "2020.10.31"]
[SourceVersion "1"]
[SourceVersionDate "2020.10.31"]
[SourceQuality "1"]
[WhiteTeam "Croatia"]
[BlackTeam "Guatemala"]
[WhiteTeamCountry "CRO"]
[BlackTeamCountry "GUA"]

1. e4 c5 2. Nf3 d6 3. d4 Nf6 4. Nc3 cxd4 5. Nxd4 a6 6. a3 e5 7. Nf5 Nxe4 8. Nxg7+ Bxg7 9. Nxe4 0-0 10. Qxd6 Qh4 11. Bd3 h6 12. g3 Qh3 13. Be3 Nc6 14. 0-0-0 Be6 15. Bb6 Rac8 16. f3 Nd4 17. Bxd4 exd4 18. Qf4 Rfd8 19. Nf6+ Kf8 20. Rhe1 Rc6 21. g4 Rdc8 22. Nh5 Rxc2+ 23. Bxc2 Bb3 24. Re2 d3 25. Qd6+ Kg8 26. Qxd3 1-0

[Event "Online Olym Div2 D"]
[Site "Chess.com INT"]
[Date "2020.08.14"]
[Round "3.1"]
[White "Andersen, Mads"]
[Black "Cu Hor, Winston Darwin"]
[Result "0-1"]
[WhiteElo "2587"]
[BlackElo "2333"]
[PlyCount "84"]
[EventDate "2020.08.14"]
[EventType "team-tourn (rapid)"]
[EventRounds "9"]
[EventCountry "USA"]
[SourceTitle "CBM 198"]
[Source "ChessBase"]
[SourceDate "2020.10.31"]
[SourceVersion "1"]
[SourceVersionDate "2020.10.31"]
[SourceQuality "1"]
[WhiteTeam "Denmark"]
[BlackTeam "Guatemala"]
[WhiteTeamCountry "DEN"]
[BlackTeamCountry "GUA"]

1. Nf3 c5 2. g3 b6 3. Bg2 Bb7 4. 0-0 Nf6 5. c4 g6 6. Nc3 Bg7 7. d4 cxd4 8. Qxd4 0-0 9. Qh4 d6 10. Rd1 Nbd7 11. Bh6 Bxh6 12. Qxh6 Rc8 13. b3 Rc5 14. Ng5 Bxg2 15. Kxg2 Qa8+ 16. Kg1 Re8 17. Rd4 Nf8 18. Rh4 Qc8 19. f3 Qf5 20. Nge4 Nxe4 21. Nxe4 Ra5 22. Rd1 Qe5 23. Qd2 Rd8 24. Nc3 e6 25. Rd4 Rc5 26. Ne4 d5 27. Nxc5 bxc5 28. Rd3 d4 29. e3 dxe3 30. Qe2 Rxd3 31. Rxd3 Qa1+ 32. Kg2 e5 33. Rxe3 Ne6 34. Rxe5 Nd4 35. Re8+ Kg7 36. Qe5+ Kh6 37. Rg8 Qxa2+ 38. Kh3 Ne6 39. g4 Qf2 40. g5+ Nxg5+ 41. Kg4 Qxf3+ 42. Kh4 Qh3# 0-1